000 01094nam a22003497a 4500
001 BR2017001288
003 BR-BrBNA
005 20230928105108.0
007 ta
008 230509b bl.||||| |||| 00| 0 por d
040 _aBR-BrBNA
_bpor
_cBiblioteca Nacional de Agricultura
041 _a(Por)
072 _aQ70; T01
_b3862
_b8905
090 _ 3862 BR2017001288
100 1 _aPereira, L. de O.
110 1 _aUniversidade Federal de Lavras, MG (Brasil)
_0Tese (Mestrado)
245 1 _aObtenção de fotocatalisadores magnéticos a partir de resíduos industriais e TiO2 para a degradação de contaminantes orgânicos
260 3 _aLavras, MG (Brasil):
_c2016.
300 _a96 p.
500 _aSummaries (Eng, Por); Bibliography p. 88-96; 39 illus.; 3 tables
650 _aRESÍDUO AGRÍCOLA
650 _aRESÍDUO INDUSTRIAL
650 _aCARVÃO VEGETAL
650 _aPIROLENHOSO
650 _aCATALISADOR
650 _aCORANTE
650 _aALCATRÃO
650 _aPOLUENTE
650 _aINDÚSTRIA TEXTIL
909 _a202309
_bLucia
_c55
_dLucia Elande
942 _cBK
999 _c83389
_d83389